|
|
|
|
| LEADER |
01431nam a2200397 a 4500 |
| 001 |
000477053 |
| 003 |
CZ BrMZK |
| 005 |
20080123125519.0 |
| 007 |
ta |
| 008 |
010907s2000 xr e f cze d |
| 015 |
|
|
|a cnb000965953
|
| 020 |
|
|
|a 80-902676-3-7
|
| 035 |
|
|
|a (OCoLC)50345582
|
| 040 |
|
|
|a BOA001
|b cze
|
| 072 |
|
7 |
|a 636.09
|x Veterinární lékařství
|2 Konspekt
|9 24
|
| 080 |
|
|
|a 636.96
|2 MRF
|
| 080 |
|
|
|a 636.09
|2 MRF
|
| 080 |
|
|
|a 591.1
|2 MRF
|
| 080 |
|
|
|a 636.09:615.2/.45
|2 MRF
|
| 080 |
|
|
|a (035)
|2 MRF
|
| 100 |
1 |
|
|a Knotková, Zora
|7 xx0037584
|4 aut
|
| 245 |
1 |
0 |
|a Drobní savci :
|b fyziologické hodnoty : léky a jejich dávkování /
|c Zora Knotková, Zdeněk Knotek
|
| 250 |
|
|
|a 1. vyd.
|
| 260 |
|
|
|a Brno :
|b Noviko,
|c 2000
|
| 300 |
|
|
|a 69 s. ;
|c 30 cm
|
| 500 |
|
|
|a Vyd. Veterinární a farmaceut. univ. v Brně. - Bibliogr.
|
| 650 |
0 |
7 |
|a drobní savci
|7 ph119611
|2 czenas
|
| 650 |
0 |
7 |
|a nemoci domácích zvířat
|7 ph136503
|2 czenas
|
| 650 |
0 |
7 |
|a veterinární fyziologie
|7 ph127051
|2 czenas
|
| 650 |
0 |
7 |
|a veterinární léčiva
|7 ph116569
|2 czenas
|
| 655 |
|
7 |
|a příručky
|7 fd133209
|2 czenas
|
| 700 |
1 |
|
|a Knotek, Zdeněk,
|d 1956-
|7 ola2004235496
|4 aut
|
| 710 |
2 |
|
|a Veterinární a farmaceutická univerzita Brno.
|b Ústav fyziologie
|7 mzk2003205670
|
| 910 |
|
|
|a BOA001
|b 4-1072.396
|
| 990 |
|
|
|a BK
|
| 996 |
6 |
|
|b 2610114356
|c 4-1072.396
|l MZK
|r Sklad / do 1 hodiny
|n 10
|p p.v.
|w 000477053
|u 000010
|a 1
|e BOA001
|j MZK50
|s P
|